P Kesavadevinte 'Bhranthalayam' inn novelinte ethivruthavum kathapathrangalude realistic swabhavavum oru padanam (Record no. 32910)

000 -LEADER
fixed length control field 00394nam a22001331a 4500
020 ## - INTERNATIONAL STANDARD BOOK NUMBER
Terms of availability 0.00
040 ## - CATALOGING SOURCE
Original cataloging agency SSUS - Library - Kalady
100 ## - MAIN ENTRY--PERSONAL NAME
Personal name Santhoshkumar K
245 ## - TITLE STATEMENT
Title P Kesavadevinte 'Bhranthalayam' inn novelinte ethivruthavum kathapathrangalude realistic swabhavavum oru padanam
Medium [M.Phil Dissertation]
260 ## - PUBLICATION, DISTRIBUTION, ETC.
Date of publication, distribution, etc. 1997
300 ## - PHYSICAL DESCRIPTION
Extent 60p.
852 ## - LOCATION
-- 0.00
--
942 ## - ADDED ENTRY ELEMENTS (KOHA)
Koha item type Book
Holdings
Withdrawn status Lost status Source of classification or shelving scheme Damaged status Not for loan Permanent Location Current Location Shelving location Date acquired Cost, normal purchase price Total Checkouts Barcode Date last seen Cost, replacement price Price effective from Koha item type
          Sree Sankaracharya University of Sanskrit Sree Sankaracharya University of Sanskrit Reference 08.01.2015 0.00   T0780 08.01.2015 0.00 08.01.2015 PG Dissertation